000 00565nam a2200181Ia 4500
008 090123s9999 xx 000 0 und d
082 _b34531
_a891.463/भारद्वा
100 _aभारद्वाज मंदाकिनी
245 _aभुरळ
250 _a0
260 _bतोरणा प्रकाशन
_c2002
300 _a164
600 _aभारद्वाज मंदाकिनी
630 _aभुरळ
700 _aभारद्वाज मंदाकिनी
730 _aभुरळ
942 _cBOOK
999 _c72586
_d72586